000 00975nam0a22002771 4500
001 rc\3966751
005 20170817084141.0
021 _aRU
_b[56-22573]
035 _a(NLR Aleph) 007929985
090 _a8212338
_c8212338
100 _a20130415d1956 |||y0rusy50 ca
101 0 _arus
102 _aRU
105 _aa z |||a|
200 1 _aДетки в клетке
_e[Стихи]
_fРис. В. Лебедева
210 _a[Москва]
_cПравда
_d1956
215 _a16 с.
_cил.
_d19
225 1 _aМои первые книжки
_i[Библиотечка детского сада]
700 1 _aМаршак
_bС. Я.
_f1887-1964
_gСамуил Яковлевич
702 1 _aЛебедев
_bВ. В.
_cживописец, график
_f1891-1967
_gВладимир Васильевич
_3RU\NLR\AUTH\7740013
_4440
801 0 _aRU
_bNLR
_gpsbo
801 1 _aRU
_bELAR
_2rusmarc
852 _aNLR
_jДл02 Г-4/2356
942 _cBOOK
980 _aNB